University Home | Library Home | Institutional Repository

The low income housing crisis : (Record no. 59459)

MARC details
000 -LEADER
fixed length control field 00527cam3a220018100 4500
001 - CONTROL NUMBER
control field tmp16037632
003 - CONTROL NUMBER IDENTIFIER
control field UPRA
005 - DATE AND TIME OF LATEST TRANSACTION
control field 20190815094339.0
008 - FIXED-LENGTH DATA ELEMENTS--GENERAL INFORMATION
fixed length control field 951128s1990 sa eng u
035 ## - SYSTEM CONTROL NUMBER
System control number (Sirsi) r75468
035 ## - SYSTEM CONTROL NUMBER
System control number (UPRA)tmp16037632
040 ## - CATALOGING SOURCE
Transcribing agency UPRA
100 1# - MAIN ENTRY--PERSONAL NAME
Personal name Boaden, B. G.
Linkage A35873.1
245 14 - TITLE STATEMENT
Title The low income housing crisis :
Remainder of title a university response /
Statement of responsibility, etc. B.G. Boaden.
260 ## - PUBLICATION, DISTRIBUTION, ETC.
Place of publication, distribution, etc. Capetown :
Name of publisher, distributor, etc. University of Capetown,
Date of publication, distribution, etc. 1990.
949 ## - LOCAL PROCESSING INFORMATION (OCLC)
a (O8)UCN SER/154
w lcc
m MAIN
t BOOK
l ON-SHELF

No items available.

© 2026 - The University of Zambia Library - Koha v25.11